[Event "Turkey Cup 2020"]
[Site "Antalya-Belek"]
[Date "2020.02.02"]
[Round "11.3"]
[White "Eren, Ataberk"]
[Black "Citak, Selim"]
[Result "1-0"]
[WhiteElo "2274"]
[BlackElo "2198"]
[Annotator "ChessBase"]
[PlyCount "83"]
[EventDate "2020.01.26"]
[EventType "swiss"]
[EventCountry "TUR"]
[SourceTitle "playchess.com"]
[Source "ChessBase"]
[SourceQuality "1"]

1. e4 c5 2. Nf3 Nc6 3. d4 cxd4 4. Nxd4 g6 5. Nc3 Bg7 6. Nde2 Nf6 7. g3 O-O 8. Bg2 d6 9. O-O Rb8 10. a4 a6 11. h3 b5 12. axb5 axb5 13. Be3 b4 14. Nd5 Nd7 15. Nd4 Bb7 16. Nxc6 Bxc6 17. Bd4 Bxd4 18. Qxd4 Bxd5 19. exd5 Qc7 20. Ra7 Rb7 21. Rxb7 Qxb7 22. Ra1 Nc5 23. h4 b3 24. c4 Ra8 25. Re1 Ra7 26. h5 Qb4 27. Re3 gxh5 28. Bf3 Ra1+ 29. Kg2 Re1 30. Be2 Qb7 31. Qd2 Ra1 32. Bxh5 f6 33. Bf3 Ra2 34. Qd4 Qd7 35. Re1 Ra7 36. Rh1 Qf5 37. Rh5 Qg6 38. Rh4 Kh8 39. Be4 Qg7 40. Bf5 Ra2 41. Qd1 Ra8 42. Qh1 1-0

[Event "Turkey Cup 2020"]
[Site "Antalya-Belek"]
[Date "2020.02.02"]
[Round "11.4"]
[White "Koksal, Ege"]
[Black "Kilic, Eray"]
[Result "1/2-1/2"]
[WhiteElo "2368"]
[BlackElo "2069"]
[Annotator "TA"]
[PlyCount "306"]
[EventDate "2020.01.26"]
[EventType "swiss"]
[EventCountry "TUR"]
[SourceTitle "playchess.com"]
[Source "ChessBase"]
[SourceQuality "1"]

1. d4 Nf6 2. c4 g6 3. Nc3 d5 4. Nf3 Bg7 5. Bg5 Ne4 6. cxd5 Nxc3 7. bxc3 Qxd5 8. e3 Bg4 9. Bh4 Nc6 10. Be2 O-O 11. O-O e5 12. Rb1 a6 13. c4 Qe4 14. Bd3 Bxf3 15. Bxe4 Bxd1 16. Rfxd1 exd4 17. Rxb7 Na5 18. Rxc7 Rac8 19. Rxc8 Rxc8 20. Bd5 Nc6 21. exd4 Nxd4 22. Kf1 Nf5 23. Bg3 Bd4 24. Rb1 Bc5 25. Rb7 Ne7 26. Be4 Rd8 27. Rc7 Bb4 28. c5 Nd5 29. Bxd5 Rxd5 30. c6 Rc5 31. Ke2 Ba5 32. Rc8+ Kg7 33. c7 Bb6 34. Kd3 g5 35. Be5+ Rxe5 36. Rg8+ Kxg8 37. c8=Q+ Kg7 38. Qxa6 Bxf2 39. a4 Rc5 40. Ke2 Bd4 41. Qd6 Rc4 42. a5 Ra4 43. a6 h6 44. h3 Bg1 45. Qe5+ Kg6 46. Qb5 Ra2+ 47. Kf3 Kg7 48. g3 Bd4 49. Qc4 Ra3+ 50. Kg2 Ba7 51. h4 gxh4 52. gxh4 h5 53. Qb5 Ra2+ 54. Kf3 Rf2+ 55. Kg3 Rf6 56. Qe5 Bb6 57. Kh3 Ba7 58. Kg2 Bb6 59. Qxh5 Bd4 60. Qd5 Rxa6 61. Qxd4+ Kg8 62. h5 Re6 63. Kg3 Kh7 64. Kg4 Rh6 65. Qf4 Kg7 66. Qe5+ Kh7 67. Qb8 Kg7 68. Kg5 Re6 69. Qb2+ Kh7 70. Qc1 Kg7 71. Qa3 Rh6 72. Qh3 Kh7 73. Qh1 Kg7 74. Qh2 Kh7 75. Qb8 Kg7 76. Qa8 Re6 77. Qb8 Rh6 78. Qc8 Re6 79. Kh4 Rh6 80. Qf5 Re6 81. Qg5+ Kh7 82. Kg4 Rh6 83. Qf4 Kg7 84. Kg5 Re6 85. Qb4 Rh6 86. Qa3 Re6 87. Qc3+ Kh7 88. Qb4 Kg7 89. Qh4 Rh6 90. Qh2 Kh7 91. Qc7 Kg7 92. Qc5 Re6 93. Qa3 Rh6 94. Qb2+ Kh7 95. Qh2 Kg7 96. Qf2 Re6 97. Qc2 Rh6 98. Qb2+ Kh7 99. Qa1 Re6 100. Qa3 Kg7 101. Qa2 Rh6 102. Qh2 Kh7 103. Qd2 Kg7 104. Qd4+ Kh7 105. Qb2 Re6 106. Qa3 Kg7 107. Qb4 Rh6 108. Qa3 Re6 109. Qg3 Rh6 110. Qh2 Kh7 111. Qh1 Kg7 112. Qa8 Re6 113. Qb8 Rh6 114. Qb4 Re6 115. Qb1 Rh6 116. Qh1 Kh7 117. Qh2 Kg7 118. Qb8 Re6 119. Qb4 Rh6 120. Qf4 Re6 121. Qf2 Rh6 122. Qb2+ Kh7 123. Qa3 Kg7 124. Qb4 Re6 125. Qb1 Rh6 126. Qh1 Kh7 127. Qh2 Kg7 128. Qh3 Kh7 129. Qf5+ Kg7 130. Kg4 Re6 131. Qf4 Rh6 132. Qa4 Kh7 133. Qa2 Kg7 134. Qa3 Re6 135. Qb4 Rh6 136. Kh4 Re6 137. Qb8 Rh6 138. Kg5 Re6 139. Qa8 Rh6 140. Qa2 Re6 141. Qa1+ Kh7 142. Qa3 Kg7 143. Qb4 Rh6 144. Qa3 Re6 145. Qb2+ Kh7 146. Qa1 Rh6 147. Qa3 Kg7 148. Qa2 Re6 149. Qb3 Rh6 150. Qb1 Re6 151. Qa2 Rh6 152. Qa1+ Kh7 153. Qa3 Kg7 1/2-1/2

[Event "Turkey Cup 2020"]
[Site "Antalya-Belek"]
[Date "2020.02.02"]
[Round "11.5"]
[White "Demirbag, Alihan"]
[Black "Sevgi, Volkan"]
[Result "0-1"]
[WhiteElo "2104"]
[BlackElo "2345"]
[Annotator "TA RC"]
[PlyCount "66"]
[EventDate "2020.01.26"]
[EventType "swiss"]
[EventCountry "TUR"]
[SourceTitle "playchess.com"]
[Source "ChessBase"]
[SourceQuality "1"]

1. e4 c5 2. Nc3 Nc6 3. g3 g6 4. d3 Bg7 5. Bg2 d6 6. f4 Rb8 7. Nf3 h5 8. O-O Nd4 9. Nd5 e6 10. Ne3 Ne7 11. Ng5 f6 12. Nf3 b5 13. c3 Nxf3+ 14. Qxf3 Bb7 15. Qe2 f5 16. Nd1 O-O 17. Nf2 Qd7 18. Be3 Rfe8 19. Rad1 b4 20. c4 Nc6 21. Nh3 b3 22. a3 Nd4 23. Bxd4 Bxd4+ 24. Kh1 Qg7 25. Rd2 e5 26. Ng5 h4 27. gxh4 exf4 28. Rxf4 Re7 29. Nf3 Qh6 30. Ng5 Rbe8 31. Qf1 Be3 32. Re2 Bxf4 33. Qxf4 Rd7 0-1

[Event "Turkey Cup 2020"]
[Site "Antalya-Belek"]
[Date "2020.02.02"]
[Round "11.6"]
[White "Pektas, Yigit"]
[Black "Ozenir, Ekin Baris"]
[Result "1/2-1/2"]
[WhiteElo "2155"]
[BlackElo "2285"]
[Annotator "ChessBase"]
[PlyCount "62"]
[EventDate "2020.01.26"]
[EventType "swiss"]
[EventCountry "TUR"]
[SourceTitle "playchess.com"]
[Source "ChessBase"]
[SourceQuality "1"]

1. d4 e6 2. c4 Nf6 3. g3 c5 4. d5 exd5 5. cxd5 d6 6. Nc3 g6 7. Bg2 Bg7 8. Nf3 O-O 9. O-O Re8 10. Nd2 Nbd7 11. h3 a6 12. a4 Nh5 13. Nde4 Qe7 14. g4 Nhf6 15. Ng3 h6 16. f4 Rb8 17. e4 Qd8 18. e5 dxe5 19. g5 hxg5 20. fxg5 Nh7 21. Nce4 Nb6 22. d6 Be6 23. Nxc5 Nxg5 24. d7 Nxd7 25. Nxd7 Bxd7 26. Bxg5 Qxg5 27. Qxd7 Qxg3 28. Rxf7 Qe3+ 29. Kh1 Qh6 30. Raf1 e4 31. Qg4 Rf8 1/2-1/2

[Event "Turkey Cup 2020"]
[Site "Antalya-Belek"]
[Date "2020.02.02"]
[Round "11.7"]
[White "Samani, Yamac"]
[Black "Agdelen, Huseyin Can"]
[Result "1/2-1/2"]
[WhiteElo "2259"]
[BlackElo "2199"]
[Annotator "ChessBase"]
[PlyCount "23"]
[EventDate "2020.01.26"]
[EventType "swiss"]
[EventCountry "TUR"]
[SourceTitle "playchess.com"]
[Source "ChessBase"]
[SourceQuality "1"]

1. e4 c5 2. c3 Nf6 3. e5 Nd5 4. d4 cxd4 5. Nf3 Nc6 6. cxd4 d6 7. Bc4 dxe5 8. dxe5 Ndb4 9. Qb3 e6 10. Nc3 a6 11. Be2 Na5 12. Qd1 1/2-1/2

[Event "Turkey Cup 2020"]
[Site "Antalya-Belek"]
[Date "2020.02.02"]
[Round "11.8"]
[White "Kucuk, Dogan"]
[Black "Karaoglan, Doruk"]
[Result "0-1"]
[WhiteElo "2005"]
[BlackElo "2222"]
[Annotator "ChessBase"]
[PlyCount "76"]
[EventDate "2020.01.26"]
[EventType "swiss"]
[EventCountry "TUR"]
[SourceTitle "playchess.com"]
[Source "ChessBase"]
[SourceQuality "1"]

1. d4 Nf6 2. Nf3 g6 3. g3 Bg7 4. Bg2 O-O 5. O-O d6 6. c4 Nc6 7. h3 a6 8. Nc3 Bd7 9. Be3 h6 10. Nd2 Qc8 11. d5 Nd8 12. Kh2 c5 13. dxc6 bxc6 14. Na4 Rb8 15. c5 d5 16. Bf4 Rb4 17. a3 Rxf4 18. gxf4 Qc7 19. Nb6 Qxf4+ 20. Kg1 Bf5 21. e3 Qc7 22. Qa4 Ne6 23. Rac1 Ng5 24. Qh4 Nfe4 25. Nxe4 Nxe4 26. Bxe4 Bxe4 27. f3 Bd3 28. Rf2 g5 29. Qg4 f5 30. Qg2 f4 31. Rd2 Bg6 32. Re1 fxe3 33. Rxe3 Qf4 34. Rxe7 Bd4+ 35. Kh1 Bxc5 36. Re6 Bh5 37. Rxc6 Bxf3 38. Rxc5 Qxd2 0-1

[Event "Turkey Cup 2020"]
[Site "Antalya-Belek"]
[Date "2020.02.02"]
[Round "11.9"]
[White "Kirilmaz, Emre"]
[Black "Soylu, Suat"]
[Result "1/2-1/2"]
[WhiteElo "2068"]
[BlackElo "2329"]
[Annotator "TA"]
[PlyCount "35"]
[EventDate "2020.01.26"]
[EventType "swiss"]
[EventCountry "TUR"]
[SourceTitle "playchess.com"]
[Source "ChessBase"]
[SourceQuality "1"]

1. d4 Nf6 2. c3 c5 3. Nf3 e6 4. Bg5 Nc6 5. e3 Qb6 6. Qb3 d5 7. Nbd2 Bd7 8. Be2 h6 9. Bh4 Bd6 10. Bg3 Bxg3 11. hxg3 O-O 12. O-O Qa5 13. Rfd1 Rab8 14. a3 Rfe8 15. Qa2 c4 16. Ne5 Qc7 17. f4 b5 18. Qb1 1/2-1/2

[Event "Turkey Cup 2020"]
[Site "Antalya-Belek"]
[Date "2020.02.02"]
[Round "11.10"]
[White "Kul, Ozdemir Efe"]
[Black "Yaran, Siar"]
[Result "1/2-1/2"]
[WhiteElo "1979"]
[BlackElo "2248"]
[Annotator "ChessBase"]
[PlyCount "60"]
[EventDate "2020.01.26"]
[EventType "swiss"]
[EventCountry "TUR"]
[SourceTitle "playchess.com"]
[Source "ChessBase"]
[SourceQuality "1"]

1. Nf3 c5 2. g3 Nc6 3. Bg2 g6 4. O-O Bg7 5. c4 e6 6. Nc3 Nge7 7. e4 O-O 8. d3 b6 9. Bf4 d6 10. Rb1 h6 11. h4 Kh7 12. Be3 e5 13. Ne1 f5 14. f4 Nd4 15. h5 Qe8 16. Bxd4 cxd4 17. Nb5 Qd8 18. hxg6+ Nxg6 19. exf5 Bxf5 20. Bxa8 Qxa8 21. Nxd6 Bh3 22. Rf2 exf4 23. Qh5 fxg3 24. Rxf8 Qxf8 25. Qxh3 Qf2+ 26. Kh1 Nf4 27. Qf5+ Kg8 28. Qf7+ Kh7 29. Qf5+ Kh8 30. Qc8+ Kh7 1/2-1/2

[Event "Turkey Cup 2020"]
[Site "Antalya-Belek"]
[Date "2020.02.02"]
[Round "11.11"]
[White "Ozsakallioglu, Okan"]
[Black "Ozguner, Hakki Ata"]
[Result "1-0"]
[WhiteElo "2272"]
[BlackElo "2077"]
[Annotator "ChessBase"]
[PlyCount "119"]
[EventDate "2020.01.26"]
[EventType "swiss"]
[EventCountry "TUR"]
[SourceTitle "playchess.com"]
[Source "ChessBase"]
[SourceQuality "1"]

1. Nf3 Nf6 2. c4 g6 3. g3 Bg7 4. Bg2 O-O 5. O-O d6 6. Nc3 c5 7. d4 Nc6 8. h3 cxd4 9. Nxd4 Nxd4 10. Qxd4 Be6 11. Bxb7 Nd5 12. Qd3 Nb4 13. Qd2 Bxh3 14. Rd1 Rb8 15. Bf3 Bf5 16. e4 Be6 17. b3 Nc6 18. Bb2 Ne5 19. Be2 a5 20. Nb5 a4 21. Rab1 axb3 22. axb3 Qb6 23. Bd4 Qb7 24. Nc3 f5 25. f4 Nc6 26. Bxg7 Kxg7 27. Bf3 Qb6+ 28. Kg2 Nb4 29. Re1 Rf7 30. Nb5 Qc5 31. e5 d5 32. Nd4 Bc8 33. Qe3 Qa5 34. Ra1 Qd8 35. e6 Rf6 36. Rad1 Bb7 37. Qe5 dxc4 38. Nxf5+ gxf5 39. Rxd8 Bxf3+ 40. Kxf3 Rxd8 41. Qc5 Rd3+ 42. Kf2 Rd2+ 43. Kg1 Nd5 44. Re5 cxb3 45. Rxd5 b2 46. Qxe7+ Kg6 47. Qe8+ Kg7 48. Rd7+ Kh6 49. Rb7 Rd1+ 50. Kg2 Rd2+ 51. Kh3 Rd1 52. Rxb2 Re1 53. e7 Rfe6 54. Qf8+ Kg6 55. Qg8+ Kf6 56. Qg5+ Kf7 57. Qxf5+ Kxe7 58. Qxh7+ Kd6 59. Rd2+ Kc5 60. Qc7+ 1-0

[Event "Turkey Cup 2020"]
[Site "Antalya-Belek"]
[Date "2020.02.02"]
[Round "11.13"]
[White "Caglar, Ahmet Ata"]
[Black "Kilic, Efe Mert"]
[Result "1/2-1/2"]
[WhiteElo "2065"]
[BlackElo "2247"]
[Annotator "ChessBase"]
[PlyCount "97"]
[EventDate "2020.01.26"]
[EventType "swiss"]
[EventCountry "TUR"]
[SourceTitle "playchess.com"]
[Source "ChessBase"]
[SourceQuality "1"]

1. d4 Nf6 2. Nf3 e6 3. Bf4 b6 4. e3 Bb7 5. Bd3 g6 6. O-O Bg7 7. Nbd2 O-O 8. e4 h6 9. e5 Nd5 10. Bg3 Ne7 11. Ne4 Nf5 12. Bf4 d6 13. Qe2 d5 14. Nf6+ Bxf6 15. exf6 Qxf6 16. Be5 Qe7 17. g4 Nd6 18. Qe3 g5 19. Nd2 Ba6 20. Bxa6 Nxa6 21. Qh3 f6 22. Bxd6 cxd6 23. Qxh6 Qh7 24. Qxh7+ Kxh7 25. f4 gxf4 26. Rxf4 Nb4 27. c3 Nd3 28. Rf3 Nxb2 29. Raf1 Kg7 30. h4 Na4 31. c4 dxc4 32. Nxc4 Rad8 33. d5 exd5 34. Ne3 Nc5 35. Nxd5 Ne4 36. Nc7 Nc5 37. Nd5 Ne4 38. Ra3 Rf7 39. Re3 Re8 40. Nc3 Rfe7 41. Rfe1 d5 42. Nxd5 Re5 43. Nf4 Nc3 44. Rxe5 Rxe5 45. Rc1 Ne2+ 46. Nxe2 Rxe2 47. Rc7+ Kh6 48. Rxa7 Re4 49. g5+ 1/2-1/2

[Event "Turkey Cup 2020"]
[Site "Antalya-Belek"]
[Date "2020.02.02"]
[Round "11.14"]
[White "Ibik, Halit Yavuz"]
[Black "Ozkan, Ervin"]
[Result "1/2-1/2"]
[WhiteElo "1952"]
[BlackElo "2185"]
[Annotator "ChessBase"]
[PlyCount "47"]
[EventDate "2020.01.26"]
[EventType "swiss"]
[EventCountry "TUR"]
[SourceTitle "playchess.com"]
[Source "ChessBase"]
[SourceQuality "1"]

1. e4 e5 2. Nf3 Nf6 3. Nxe5 d6 4. Nf3 Nxe4 5. c3 d5 6. d3 Nf6 7. d4 Bd6 8. Bd3 O-O 9. O-O Bg4 10. Bg5 Nbd7 11. Nbd2 c6 12. Qc2 Qc7 13. Rfe1 Rfe8 14. Bh4 Bh5 15. Bg3 Bxg3 16. hxg3 Bg6 17. Bxg6 hxg6 18. b3 c5 19. c4 Qb6 20. Qb2 Rad8 21. cxd5 Nxd5 22. Rxe8+ Rxe8 23. Nc4 Qc7 24. Rd1 1/2-1/2

[Event "Turkey Cup 2020"]
[Site "Antalya-Belek"]
[Date "2020.02.02"]
[Round "11.15"]
[White "Erdogmus, Yagiz Kaan"]
[Black "Gunduz, Umut Erdem"]
[Result "1-0"]
[WhiteElo "1866"]
[BlackElo "2193"]
[Annotator "TA"]
[PlyCount "33"]
[EventDate "2020.01.26"]
[EventType "swiss"]
[EventCountry "TUR"]
[SourceTitle "playchess.com"]
[Source "ChessBase"]
[SourceQuality "1"]

1. e4 e5 2. Nf3 Nc6 3. Nc3 Nf6 4. d4 exd4 5. Nxd4 Bb4 6. Nxc6 bxc6 7. Bd3 d5 8. Bd2 O-O 9. O-O Bxc3 10. Bxc3 dxe4 11. Bxf6 Qxf6 12. Bxe4 Qxb2 13. Bxc6 Rb8 14. Rb1 Qxb1 15. Qxb1 Rxb1 16. Rxb1 Rd8 17. Bf3 1-0

[Event "Turkey Cup 2020"]
[Site "Antalya-Belek"]
[Date "2020.02.02"]
[Round "11.16"]
[White "Can, Melih Kaan"]
[Black "Yelligedik, Murat"]
[Result "0-1"]
[WhiteElo "2138"]
[BlackElo "2056"]
[Annotator "ChessBase"]
[PlyCount "48"]
[EventDate "2020.01.26"]
[EventType "swiss"]
[EventCountry "TUR"]
[SourceTitle "playchess.com"]
[Source "ChessBase"]
[SourceQuality "1"]

1. c4 e6 2. d4 f5 3. Nc3 Nf6 4. g3 Be7 5. Bg2 O-O 6. Nf3 d6 7. O-O Qe8 8. Qc2 Qh5 9. e4 e5 10. dxe5 dxe5 11. Bg5 Nc6 12. Bxf6 Bxf6 13. Nd5 f4 14. Nxc7 Bg4 15. Qc3 Nd4 16. Nxd4 exd4 17. Qb3 f3 18. Bh1 Rab8 19. Nd5 Be5 20. Qd3 Rbe8 21. a4 Re6 22. Qd2 Qh3 23. Qg5 Rh6 24. Ne7+ Kh8 0-1

[Event "Turkey Cup 2020"]
[Site "Antalya-Belek"]
[Date "2020.02.02"]
[Round "11.18"]
[White "Kalemler, Kaan"]
[Black "Isik, Alparslan"]
[Result "0-1"]
[WhiteElo "1841"]
[BlackElo "2328"]
[Annotator "TA"]
[PlyCount "61"]
[EventDate "2020.01.26"]
[EventType "swiss"]
[EventCountry "TUR"]
[SourceTitle "playchess.com"]
[Source "ChessBase"]
[SourceQuality "1"]

1. e4 c5 2. Nf3 d6 3. Bb5+ Nd7 4. d4 cxd4 5. Qxd4 a6 6. Bxd7+ Bxd7 7. O-O e5 8. Qd3 h6 9. Nbd2 Nf6 10. b3 b5 11. a4 Be7 12. axb5 axb5 13. Bb2 O-O 14. c4 Qb6 15. Ba3 b4 16. Bb2 Bc6 17. Nh4 g6 18. g3 Rxa1 19. Bxa1 Ra8 20. Rc1 Nd7 21. Bb2 Nc5 22. Qe3 Ra2 23. Rb1 Bg5 24. f4 exf4 25. Qd4 Rxb2 26. Rxb2 Bf6 27. Qf2 Bxb2 28. gxf4 Bc3 29. f5 Bxd2 30. fxg6 fxg6 31. Nxg6 0-1

[Event "Turkey Cup 2020"]
[Site "Antalya-Belek"]
[Date "2020.02.02"]
[Round "11.19"]
[White "Dolgun, Can"]
[Black "Demircin, Kasim"]
[Result "0-1"]
[WhiteElo "2266"]
[BlackElo "1915"]
[Annotator "ChessBase"]
[PlyCount "136"]
[EventDate "2020.01.26"]
[EventType "swiss"]
[EventCountry "TUR"]
[SourceTitle "playchess.com"]
[Source "ChessBase"]
[SourceQuality "1"]

1. e4 e5 2. Nf3 Nc6 3. Bb5 a6 4. Ba4 Nf6 5. O-O Nxe4 6. d4 b5 7. Bb3 d5 8. dxe5 Be6 9. c3 Bc5 10. Bf4 g5 11. Bc1 h5 12. Nbd2 Nxd2 13. Qxd2 g4 14. Nd4 Nxe5 15. Re1 Qf6 16. Qg5 Qxg5 17. Bxg5 Bxd4 18. cxd4 Nc4 19. Bc2 Nxb2 20. Bf6 Rg8 21. Re5 Kd7 22. Rxh5 Nc4 23. Bh7 b4 24. Bxg8 Rxg8 25. Rg5 Rxg5 26. Bxg5 a5 27. Kf1 Bf5 28. Ke1 a4 29. h4 gxh3 30. gxh3 b3 31. axb3 axb3 32. Bc1 b2 33. Bxb2 Nxb2 34. h4 Bg4 35. Ra3 Nc4 36. Rg3 Bf5 37. h5 Ke7 38. Rg5 Nd6 39. h6 Kf8 40. h7 Bxh7 41. Rxd5 Ke7 42. Kd2 c6 43. Re5+ Kd7 44. Rh5 Bg6 45. Rh1 Ke6 46. Rc1 Kd7 47. Ra1 Nb5 48. Ke3 Kd6 49. Rc1 Nc7 50. Ra1 Ne6 51. Ra5 f5 52. f4 Nc7 53. Ra2 Nd5+ 54. Kf3 Bh5+ 55. Kg3 Bg4 56. Ra5 Be2 57. Ra3 Nf6 58. Ra1 Ne4+ 59. Kh4 Kd5 60. Re1 Bd3 61. Rc1 Bb5 62. Kh5 Kxd4 63. Kg6 Nd6 64. Rd1+ Bd3 65. Kf6 c5 66. Ke6 Ne4 67. Rc1 Nd2 68. Kd6 c4 0-1

[Event "Turkey Cup 2020"]
[Site "Antalya-Belek"]
[Date "2020.02.02"]
[Round "11.20"]
[White "Aydincelebi, Kagan"]
[Black "Gokbulut, Julia"]
[Result "1-0"]
[WhiteElo "2249"]
[BlackElo "1989"]
[Annotator "ChessBase"]
[PlyCount "105"]
[EventDate "2020.01.26"]
[EventType "swiss"]
[EventCountry "TUR"]
[SourceTitle "playchess.com"]
[Source "ChessBase"]
[SourceQuality "1"]

1. e4 c6 2. d4 d5 3. exd5 cxd5 4. Bd3 Nc6 5. c3 Nf6 6. Bf4 g6 7. h3 Bf5 8. Be2 Bxb1 9. Rxb1 Bg7 10. Nf3 O-O 11. O-O Ne4 12. Re1 e6 13. Bd3 Nd6 14. h4 a6 15. h5 b5 16. a3 Nf5 17. Qd2 Na5 18. Bg5 Qc7 19. g4 Nd6 20. Bh6 Ndc4 21. Qf4 Qxf4 22. Bxf4 Rfc8 23. Kg2 Nc6 24. hxg6 hxg6 25. Rh1 a5 26. Bh6 Bh8 27. Bg5 Bg7 28. Bh6 Bh8 29. Rh3 e5 30. dxe5 N6xe5 31. Nxe5 Bxe5 32. Re1 Bh8 33. Bg5 Bg7 34. Re7 Nxb2 35. Bxb5 Nc4 36. a4 Ne5 37. Rg3 Rc5 38. f4 Nc4 39. f5 Nd6 40. fxg6 fxg6 41. Be3 Rcc8 42. Bd7 Rcb8 43. Be6+ Kf8 44. Rd7 Rb2+ 45. Kf1 Rb1+ 46. Ke2 Ne4 47. Rf3+ Bf6 48. g5 Rab8 49. Rxf6+ Nxf6 50. gxf6 R8b2+ 51. Bd2 Rxd2+ 52. Kxd2 Rb2+ 53. Ke3 1-0

[Event "Turkey Cup 2020"]
[Site "Antalya-Belek"]
[Date "2020.02.02"]
[Round "11.21"]
[White "Ozsoy, Alimert"]
[Black "Kilic, Gokturk Kagan"]
[Result "1/2-1/2"]
[WhiteElo "2211"]
[BlackElo "1923"]
[Annotator "ChessBase"]
[PlyCount "84"]
[EventDate "2020.01.26"]
[EventType "swiss"]
[EventCountry "TUR"]
[SourceTitle "playchess.com"]
[Source "ChessBase"]
[SourceQuality "1"]

1. e4 e5 2. Nf3 Nf6 3. Nc3 Bb4 4. Nxe5 O-O 5. Be2 Re8 6. Nd3 Bxc3 7. dxc3 Nxe4 8. O-O d5 9. Re1 Bf5 10. Be3 Nd7 11. Nf4 c6 12. c4 dxc4 13. Bxc4 Ne5 14. Qxd8 Raxd8 15. Be2 b6 16. Rad1 Nd6 17. c3 Ndc4 18. Rxd8 Rxd8 19. Bc1 h6 20. h4 Bb1 21. a3 Bc2 22. f3 b5 23. Kf2 a5 24. g4 b4 25. axb4 axb4 26. cxb4 Rb8 27. Bxc4 Nxc4 28. Re2 Bd1 29. Re4 Bb3 30. Nd3 Bc2 31. Rxc4 Bxd3 32. Rxc6 Rxb4 33. Rc3 Bc4 34. Rc2 Bd3 35. Rc3 Bc4 36. Kg3 Bd5 37. f4 Rb3 38. f5 Kf8 39. Kf4 Rxc3 40. bxc3 f6 41. Ba3+ Kf7 42. Ke3 Bb3 1/2-1/2

[Event "Turkey Cup 2020"]
[Site "Antalya-Belek"]
[Date "2020.02.02"]
[Round "11.22"]
[White "Can, Furkan"]
[Black "Ersahin, Bulent"]
[Result "1/2-1/2"]
[WhiteElo "1980"]
[BlackElo "2121"]
[Annotator "ChessBase"]
[PlyCount "115"]
[EventDate "2020.01.26"]
[EventType "swiss"]
[EventCountry "TUR"]
[SourceTitle "playchess.com"]
[Source "ChessBase"]
[SourceQuality "1"]

1. d4 Nf6 2. Nf3 c5 3. d5 e6 4. c4 exd5 5. cxd5 d6 6. Nc3 g6 7. Bf4 a6 8. a4 Bg7 9. h3 O-O 10. e3 Ne8 11. Be2 Nd7 12. O-O h6 13. Nd2 Ne5 14. Bh2 f5 15. f4 Nf7 16. e4 Bd7 17. Bd3 b5 18. exf5 gxf5 19. axb5 axb5 20. Qc2 Rxa1 21. Rxa1 b4 22. Ne2 Nc7 23. Bxf5 Nxd5 24. Ra7 Bxf5 25. Qxf5 Ne7 26. Qe6 Nc6 27. Rd7 Qf6 28. f5 Qxe6 29. fxe6 Ng5 30. e7 Re8 31. Bxd6 Ne6 32. b3 Ned4 33. Nf4 Nxb3 34. Nxb3 c4 35. Nd2 c3 36. Bxb4 Nxb4 37. Ne4 c2 38. Ne2 Be5 39. Kf1 Na2 40. Rd5 Rxe7 41. Rc5 Nb4 42. Rc4 Nd5 43. Ke1 Bf4 44. Rxc2 Rxe4 45. Kf2 Bc7 46. Rc6 Bb6+ 47. Ke1 Kg7 48. Rd6 Re5 49. g4 Bc5 50. Rd7+ Kg6 51. Rxd5 Rxd5 52. Nf4+ Kg5 53. Nxd5 Kh4 54. Ke2 Kxh3 55. Kf3 Bd6 56. Ne3 Be7 57. Nf5 Bg5 58. Nxh6 1/2-1/2

[Event "Turkey Cup 2020"]
[Site "Antalya-Belek"]
[Date "2020.02.02"]
[Round "11.24"]
[White "Erdogan, Anil Berk"]
[Black "Subasi, Cagrican"]
[Result "1-0"]
[WhiteElo "2147"]
[BlackElo "1861"]
[Annotator "ChessBase"]
[PlyCount "31"]
[EventDate "2020.01.26"]
[EventType "swiss"]
[EventCountry "TUR"]
[SourceTitle "playchess.com"]
[Source "ChessBase"]
[SourceQuality "1"]

1. e4 e5 2. Nf3 Nc6 3. Bb5 a6 4. Ba4 Nf6 5. O-O b5 6. Bb3 Be7 7. d3 d6 8. a3 O-O 9. Nc3 Bg4 10. Be3 Na5 11. Ba2 c5 12. Nd5 Nc6 13. c3 Rc8 14. b4 Nxd5 15. Bxd5 a5 16. a4 1-0

[Event "Turkey Cup 2020"]
[Site "Antalya-Belek"]
[Date "2020.02.02"]
[Round "11.26"]
[White "Duran, Esma Doga"]
[Black "Tepe, Efe Can"]
[Result "1-0"]
[WhiteElo "1877"]
[BlackElo "2137"]
[Annotator "ChessBase"]
[PlyCount "107"]
[EventDate "2020.01.26"]
[EventType "swiss"]
[EventCountry "TUR"]
[SourceTitle "playchess.com"]
[Source "ChessBase"]
[SourceQuality "1"]

1. d4 Nf6 2. c4 g6 3. Nf3 Bg7 4. g3 O-O 5. Bg2 c5 6. Nc3 cxd4 7. Nxd4 Nc6 8. O-O Nxd4 9. Qxd4 d6 10. e4 Be6 11. Qd3 Rc8 12. b3 d5 13. exd5 Nxd5 14. Bxd5 Bxd5 15. Nxd5 Bxa1 16. Ba3 Bf6 17. Qf3 Re8 18. Rd1 Qa5 19. Bb4 Qxa2 20. Nxf6+ exf6 21. Qxf6 Qa6 22. Rd6 Rc6 23. Bc3 Kf8 24. Qg7+ Ke7 25. Qe5+ Kf8 26. Qh8+ Ke7 27. Bf6+ Kxd6 28. Qxe8 Kc5 29. Qe3+ Kb4 30. Qc3+ Ka3 31. Qb2+ Kb4 32. Qc3+ Ka3 33. b4+ Ka4 34. b5 Qb6 35. Qc2+ Kb4 36. bxc6 bxc6 37. Qc3+ Ka4 38. Qc2+ Qb3 39. Qe4 c5 40. Qc6+ Kb4 41. Qb5+ Ka3 42. Qxc5+ Qb4 43. Be7 Qxc5 44. Bxc5+ Kb3 45. Bxa7 Kxc4 46. Kg2 Kd5 47. Kf3 Ke6 48. Ke4 Kf6 49. h4 Ke6 50. Bd4 Kd6 51. Kf4 h5 52. Kg5 Ke6 53. Bf6 Kd5 54. Kh6 1-0

[Event "Turkey Cup 2020"]
[Site "Antalya-Belek"]
[Date "2020.02.02"]
[Round "11.28"]
[White "Mecit, Emre"]
[Black "Yarar, Bora"]
[Result "1-0"]
[WhiteElo "2019"]
[BlackElo "1871"]
[Annotator "NA"]
[PlyCount "115"]
[EventDate "2020.01.26"]
[EventType "swiss"]
[EventCountry "TUR"]
[SourceTitle "playchess.com"]
[Source "ChessBase"]
[SourceQuality "1"]

1. d4 Nf6 2. c4 g6 3. Nc3 Bg7 4. Nf3 O-O 5. g3 d6 6. Bg2 Nbd7 7. O-O c6 8. h3 e5 9. Qc2 Re8 10. e4 exd4 11. Nxd4 Nc5 12. Be3 Qe7 13. Rfe1 Be6 14. b3 a5 15. Rad1 Rac8 16. Bf4 Rcd8 17. Kh2 Qf8 18. a3 Na6 19. Be3 Bc8 20. Qc1 Nc5 21. Qb1 Ne6 22. Qc2 Nd7 23. f4 Nec5 24. Bg1 h5 25. b4 axb4 26. axb4 Ne6 27. Nf3 f5 28. exf5 gxf5 29. Ne2 Nf6 30. Qxf5 Nd4 31. Qd3 Bf5 32. Qxd4 Ng4+ 33. hxg4 Bxd4 34. gxf5 Bxg1+ 35. Nexg1 Rxe1 36. Rxe1 Qxf5 37. b5 cxb5 38. cxb5 Qxb5 39. Nh4 Re8 40. Rd1 Qc5 41. Rd5 Qf2 42. Nh3 Qb2 43. Rxd6 b5 44. Ng5 Re2 45. Kh3 Rd2 46. Rg6+ Kf8 47. f5 b4 48. f6 Rf2 49. Rh6 Rxf6 50. Rxf6+ Ke7 51. Rb6 Qd2 52. Nf5+ Ke8 53. Rb8+ Kd7 54. Rb7+ Kc8 55. Ne7+ Kd8 56. Nc6+ Kc8 57. Na7+ Kd8 58. Ne6+ 1-0